An analysis of house price differentials between English regions (Record no. 17281)
[ view plain ]
| 000 -LEADER | |
|---|---|
| fixed length control field | 00984cab a2200193 4500 |
| 001 - CONTROL NUMBER | |
| control field | X2671 |
| 008 - FIXED-LENGTH DATA ELEMENTS--GENERAL INFORMATION | |
| fixed length control field | 090401t1991 xxu||||| |||| 00| 0 eng d |
| 035 ## - SYSTEM CONTROL NUMBER | |
| System control number | (Sirsi) u25715 |
| 041 ## - LANGUAGE CODE | |
| Language code of text/sound track or separate title | eng |
| 100 ## - MAIN ENTRY--PERSONAL NAME | |
| Personal name | Forrest, D. |
| 245 #3 - TITLE STATEMENT | |
| Title | An analysis of house price differentials between English regions |
| 260 ## - PUBLICATION, DISTRIBUTION, ETC. | |
| Date of publication, distribution, etc. | 1991 |
| 350 ## - PRICE (NR) (BK AM CF MU VM SE) [OBSOLETE] | |
| Price | 0 |
| 490 ## - SERIES STATEMENT | |
| Series statement | Regional Studies |
| Volume/sequential designation | 25(3) June 1991, 231-238(8) |
| 520 ## - SUMMARY, ETC. | |
| Summary, etc. | On the basis of data from a sample of 13,963 transactions in October 1985, house price differentials between the South East and the other eight English planning regions were calculated. This paper reports region-specific hedonic price equations and uses them to estimate what proportion of the price differential between each region and the South East is related to differences in the neighbourhood and physical characteristics of the respective housing stocks. |
| 690 ## - LOCAL SUBJECT ADDED ENTRY--TOPICAL TERM (OCLC, RLIN) | |
| Topical term or geographic name as entry element | PROPERTY-RESIDENTIAL PROPERTY-RESIDENTIAL PROPERTY MARKET |
| 942 ## - ADDED ENTRY ELEMENTS (KOHA) | |
| Suppress in OPAC | 0 |
| 948 ## - LOCAL PROCESSING INFORMATION (OCLC); SERIES PART DESIGNATOR (RLIN) | |
| c (OCLC) | 04/03/1997 |
| Withdrawn status | Lost status | Source of classification or shelving scheme | Damaged status | Not for loan | Home library | Current library | Shelving location | Date acquired | Total Checkouts | Full call number | Barcode | Date last seen | Copy number | Price effective from | Koha item type |
|---|---|---|---|---|---|---|---|---|---|---|---|---|---|---|---|
| Dewey Decimal Classification | London | London | Journal article | 14/09/1999 | X2671 | 25715-1001 | 06/08/2019 | 1 | 06/08/2019 | Journal article |